000 00443nam a2200145Ia 4500
008 100204s9999 xx 000 0 und d
082 _b26073
100 _aसप्रे मधुवंती
245 _aलोकलकांड
260 _b"श्रीकल्प प्रकाशन, मुंबई"
_c2003
300 _a213
630 _aलोकलकांड
730 _aलोकलकांड
942 _cBOOK
999 _c471253
_d471250